000 00416nam a22001697a 4500
005 20180621095713.0
008 160513b xxu||||| |||| 00| 0 eng d
020 _a81-8054-695-2
041 _aeng
082 _b2004
_a658
100 _aL.M. Prasad
_9567
245 _aPrinciples and Practice of Management
260 _aNew Delhi
_bSultan Chand & Sons.
300 _a870
650 _aManagement
_9241
942 _cBK
999 _c739
_d739